W sprawie dziedzictwa kulturalnego Warmii
| Titel: | W sprawie dziedzictwa kulturalnego Warmii |
|---|---|
| Verfasser: | |
| In: |
Borussia, Band 9 (1994), Seite 281-283 alle Artikel anzeigen |
| Veröffentlicht: | 1994 |
| Format: | Aufsatz |
| Sprache: | Polnisch |
X
alg: 39504851 001A $01999:12-11-16 001B $01999:04-08-21 $t21:03:08.000 001C $06050:19-11-16 $t09:35:17.000 001D $01999:12-11-16 001U $0utf8 001X $00 002@ $0Aox 003@ $0395048516 007A $0395048516 $aHEB 007T $0Herd31957 010@ $apol 011@ $a1994 021A $aW sprawie dziedzictwa kulturalnego Warmii 028A $7131393278 $8Jasiński, Janusz$Z1928- [Tp1] $9161403735 031A $d9 $h281-283 $j1994 039B $aIn $8--Abvc--. Borussia. - Olsztyn : [Verlag nicht ermittelbar], 1991-2017. - ISSN 0867-6402 $x199400000090000719 $9048604585 039T $8--Abvc--. Przegla̜d telekomunikacyjny. - Warszawa : Wyd. Czasopism Technicznych NOT, 1928-1991. - ISSN 0033-2399 $9064649601 045F $a900.94382 $eDDC23BSB 045F/01 $a900 045F/03 $g4382 045F/03 $g43832 045T $a8,1 $a7,41 lok: 39504851 78 exp: 39504851 78 1 #EPN 201B/01 $018-11-16 $t13:35:13.000 201U/01 $0utf8 203@/01 $0791347125 208@/01 $a12-11-16 $be 209A/01 $a/ $f000 $x00 220C/01 $aTitelaufnehmer: ra 244Z/01 $2Trx $#Prusy Wschodnie i Zachodnie $8--Trx--Ost- und Westpreußen $x01 $939113373X 244Z/01 $2Trx $#arvustused $#recenzijos $#Reviews $#recenziók $#recenzje $#recenzie $#recenze $8--Trx--Rezensionen $x02 $9391357441 247C/01 $82080>Marburg/Lahn, Herder-Institut, Forschungsbibliothek, Bibliographieportal $9336309341
| LEADER | 00000caa a22000002c 4500 | ||
|---|---|---|---|
| 001 | 395048516 | ||
| 003 | DE-603 | ||
| 005 | 20210804210308.0 | ||
| 007 | tu | ||
| 008 | 161112s1994 xx |||| | u00||u|pol c | ||
| 035 | |a (DE-599)HEB395048516 | ||
| 040 | |a DE-603 |b ger |c DE-603 |d DE-603 | ||
| 041 | |a pol | ||
| 082 | 0 | 4 | |8 1\u |a 900.94382 |q DE-101 |2 23/BSB |
| 084 | |a 8,1 |a 7,41 |2 ssgn | ||
| 085 | |8 1\u |b 900 | ||
| 085 | |8 1\u |z 2 |s 4382 | ||
| 085 | |8 1\u |z 2 |s 43832 | ||
| 100 | 1 | |a Jasiński, Janusz |d 1928- |0 (DE-603)161403735 |0 (DE-588)131393278 |2 gnd | |
| 245 | 0 | 0 | |a W sprawie dziedzictwa kulturalnego Warmii |
| 264 | 0 | |c 1994 | |
| 773 | 0 | 8 | |i In |t Borussia |d Olsztyn : [Verlag nicht ermittelbar], 1991-2017 |x 0867-6402 |g Band 9 (1994), Seite 281-283 |w (DE-603)048604585 |w (DE-600)1110008-4 |
| 787 | 0 | 8 | |i Rezension von |t Przegla̜d telekomunikacyjny |d Warszawa : Wyd. Czasopism Technicznych NOT, 1928-1991 |x 0033-2399 |w (DE-603)064649601 |w (DE-600)257596-6 |
| 924 | 0 | |9 2080 |a (DE-603)791347125 |b DE-2080 |c HES |d d |g / | |


